[Event "Lugano op"]
[Site "Lugano"]
[Date "2004.11.01"]
[Round "6"]
[White "Schneider, Attila"]
[Black "Rosin, Federico"]
[Result "0-1"]
[WhiteElo "2039"]
[BlackElo "2132"]
[PlyCount "74"]
[EventDate "2004.10.30"]
[EventType "swiss"]
[EventRounds "6"]
[EventCountry "SUI"]
[SourceTitle "EXT 2007"]
[Source "ChessBase"]
[SourceDate "2006.11.23"]
[SourceVersion "1"]
[SourceVersionDate "2006.11.23"]
[SourceQuality "1"]

1. e4 c5 2. Nf3 Nc6 3. d4 cxd4 4. Nxd4 Nf6 5. Nc3 e5 6. Nf5 d5 7. Bg5 d4 8. Ne2 Qa5+ 9. Bd2 Qb6 10. Neg3 h5 11. Nh4 Bg4 12. f3 Be6 13. b3 Rc8 14. a3 g6 15. Bd3 Nh7 16. Ne2 Be7 17. g3 Bxh4 18. gxh4 Qd8 19. 0-0 Qxh4 20. Qe1 Qxe1 21. Raxe1 g5 22. Ng3 h4 23. Nh1 f6 24. Nf2 Nf8 25. h3 Ng6 26. Kh2 Nf4 27. b4 Kf7 28. Rc1 Rhd8 29. Rg1 Rc7 30. Bxf4 exf4 31. Ng4 Bxg4 32. fxg4 Ne5 33. Rgd1 Rc3 34. Ra1 Rdc8 35. Kh1 Ke7 36. Bf1 Rxc2 37. Rxd4 Nf3 0-1

[Event "Lugano op"]
[Site "Lugano"]
[Date "2004.11.01"]
[Round "5"]
[White "Schneider, Attila"]
[Black "Saesseli, David"]
[Result "1-0"]
[WhiteElo "2039"]
[BlackElo "1814"]
[PlyCount "33"]
[EventDate "2004.10.30"]
[EventType "swiss"]
[EventRounds "6"]
[EventCountry "SUI"]
[SourceTitle "EXT 2007"]
[Source "ChessBase"]
[SourceDate "2006.11.23"]
[SourceVersion "1"]
[SourceVersionDate "2006.11.23"]
[SourceQuality "1"]

1. e4 c5 2. Nf3 e6 3. d4 cxd4 4. Nxd4 Bc5 5. Nb3 Bb6 6. Nc3 Nc6 7. Bf4 Nge7 8. Qg4 0-0 9. 0-0-0 e5 10. Bg5 d5 11. Qg3 d4 12. Bf6 g6 13. Qg5 Qd6 14. Nd5 Nxd5 15. exd5 h6 16. Qh4 g5 17. Qxh6 1-0

[Event "Lugano op"]
[Site "Lugano"]
[Date "2004.10.30"]
[Round "1"]
[White "Schneider, Attila"]
[Black "Botta, Giancarlo"]
[Result "1-0"]
[WhiteElo "2039"]
[BlackElo "1649"]
[PlyCount "75"]
[EventDate "2004.10.30"]
[EventType "swiss"]
[EventRounds "6"]
[EventCountry "SUI"]
[SourceTitle "EXT 2007"]
[Source "ChessBase"]
[SourceDate "2006.11.23"]
[SourceVersion "1"]
[SourceVersionDate "2006.11.23"]
[SourceQuality "1"]

1. e4 e5 2. f4 exf4 3. Bc4 Be7 4. d4 Bh4+ 5. Kf1 d6 6. Bxf4 Qf6 7. g3 g5 8. e5 dxe5 9. dxe5 Qc6 10. Bd5 Qa6+ 11. Qe2 Qxe2+ 12. Nxe2 gxf4 13. gxh4 Ne7 14. Be4 Ng6 15. Nd2 Nxe5 16. Nxf4 c6 17. Re1 f6 18. Rg1 Kf7 19. Nf3 Nbd7 20. c3 b6 21. Nd4 Ba6+ 22. Kf2 Nc5 23. Bc2 Bd3 24. Bd1 Bg6 25. Re3 Ncd3+ 26. Nxd3 Nxd3+ 27. Kg3 Nc5 28. b4 Ne4+ 29. Kf4 Nf2 30. h5 Nxd1 31. hxg6+ hxg6 32. Rxd1 g5+ 33. Kf5 Rxh2 34. Nf3 Rxa2 35. Rd7+ Kg8 36. Kg6 Kh8 37. Rh7+ Kg8 38. Ree7 1-0

[Event "Budapest FS03 IM-B"]
[Site "Budapest"]
[Date "2003.03.11"]
[Round "11"]
[White "Schneider, Attila"]
[Black "Dencsi, Tibor"]
[Result "1-0"]
[WhiteElo "2302"]
[BlackElo "2225"]
[PlyCount "75"]
[EventDate "2003.03.01"]
[EventType "tourn"]
[EventRounds "11"]
[EventCountry "HUN"]
[EventCategory "1"]
[SourceTitle "CBM 093 Extra"]
[Source "ChessBase"]
[SourceDate "2003.05.09"]
[SourceVersion "1"]
[SourceVersionDate "2003.05.09"]
[SourceQuality "1"]

1. d4 Nf6 2. c4 g6 3. Nc3 Bg7 4. e4 0-0 5. Be3 c6 6. Bd3 d5 7. f3 Be6 8. cxd5 cxd5 9. e5 Nfd7 10. Nge2 Nc6 11. f4 Nb6 12. a3 f6 13. exf6 exf6 14. f5 Bf7 15. 0-0 Qe7 16. Rf3 g5 17. g4 Rfe8 18. Qc2 Rac8 19. Raf1 h6 20. h4 Qd7 21. Qd2 Nc4 22. Bxc4 dxc4 23. hxg5 hxg5 24. Rg3 Rcd8 25. d5 Ne5 26. Bxg5 Bxd5 27. Bh4 Bc6 28. Qf4 Qd6 29. g5 Qc5+ 30. Kh2 Nd3 31. Qg4 Nf2 32. Qh5 Ne4 33. gxf6 Nxg3 34. Bxg3 Qf8 35. fxg7 Qxg7 36. f6 Qf7 37. Qg5+ Kh8 38. Rf4 1-0

[Event "Budapest FS03 IM-B"]
[Site "Budapest"]
[Date "2003.03.04"]
[Round "4"]
[White "Gonda, Laszlo"]
[Black "Schneider, Attila"]
[Result "0-1"]
[WhiteElo "2317"]
[BlackElo "2302"]
[PlyCount "90"]
[EventDate "2003.03.01"]
[EventType "tourn"]
[EventRounds "11"]
[EventCountry "HUN"]
[EventCategory "1"]
[SourceTitle "CBM 093 Extra"]
[Source "ChessBase"]
[SourceDate "2003.05.09"]
[SourceVersion "1"]
[SourceVersionDate "2003.05.09"]
[SourceQuality "1"]

1. d4 Nf6 2. Nf3 g6 3. c4 Bg7 4. Nc3 d5 5. Bf4 c5 6. dxc5 Qa5 7. cxd5 Nxd5 8. Qxd5 Bxc3+ 9. Bd2 Bxd2+ 10. Qxd2 Qxc5 11. Rc1 Qf5 12. Nd4 Qd7 13. Qh6 Nc6 14. Nxc6 bxc6 15. Qg7 Rf8 16. e3 Qd5 17. Qc3 Bb7 18. Rd1 Qg5 19. f4 Qf6 20. Qb4 Bc8 21. Be2 Rg8 22. 0-0 Kf8 23. e4 c5 24. Qxc5 Qxb2 25. Bb5 Bg4 26. Rb1 Qxa2 27. Bc4 Qd2 28. Rb7 Qd8 29. Bd5 a5 30. h3 Rc8 31. Qb5 Be6 32. Bxe6 Qd4+ 33. Kh1 fxe6 34. f5 gxf5 35. exf5 Rxg2 36. fxe6+ Rf2 37. Rxf2+ Qxf2 38. Qb2 Qf3+ 39. Kh2 Qf4+ 40. Kg2 Qe4+ 41. Kg1 Qe1+ 42. Kg2 Rc3 43. Rb8+ Kg7 44. Rc8 Qe4+ 45. Kf1 Qh1+ 0-1

[Event "Budapest FS02 IM-A"]
[Site "Budapest"]
[Date "2003.02.07"]
[Round "7"]
[White "Schneider, Attila"]
[Black "Hardicsay, Peter"]
[Result "1/2-1/2"]
[WhiteElo "2302"]
[BlackElo "2309"]
[PlyCount "30"]
[EventDate "2003.02.01"]
[EventType "tourn"]
[EventRounds "11"]
[EventCountry "HUN"]
[EventCategory "1"]
[SourceTitle "CBM 092 Extra"]
[Source "ChessBase"]
[SourceDate "2003.03.07"]
[SourceVersion "1"]
[SourceVersionDate "2003.03.07"]
[SourceQuality "1"]

1. d4 d5 2. c4 e6 3. Nf3 c6 4. e3 f5 5. Bd3 Nf6 6. Nbd2 Bd6 7. b3 0-0 8. Bb2 Nbd7 9. Qc2 Ne4 10. Ne5 Nxe5 11. dxe5 Bb4 12. Bxe4 fxe4 13. 0-0 Bd7 14. Rad1 Qe8 15. f4 Qh5 1/2-1/2

[Event "Budapest FS02 IM-A"]
[Site "Budapest"]
[Date "2003.02.05"]
[Round "5"]
[White "Eperjesi, Laszlo"]
[Black "Schneider, Attila"]
[Result "1/2-1/2"]
[WhiteElo "2271"]
[BlackElo "2302"]
[PlyCount "20"]
[EventDate "2003.02.01"]
[EventType "tourn"]
[EventRounds "11"]
[EventCountry "HUN"]
[EventCategory "1"]
[SourceTitle "CBM 092 Extra"]
[Source "ChessBase"]
[SourceDate "2003.03.07"]
[SourceVersion "1"]
[SourceVersionDate "2003.03.07"]
[SourceQuality "1"]

1. c4 c5 2. g3 g6 3. Bg2 Bg7 4. Nf3 Nf6 5. 0-0 0-0 6. Nc3 d6 7. d4 cxd4 8. Nxd4 Nc6 9. Nxc6 bxc6 10. Bxc6 Rb8 1/2-1/2

[Event "Budapest FS02 IM-A"]
[Site "Budapest"]
[Date "2003.02.04"]
[Round "4"]
[White "Schneider, Attila"]
[Black "Kun, Gabor"]
[Result "0-1"]
[WhiteElo "2302"]
[BlackElo "2359"]
[PlyCount "88"]
[EventDate "2003.02.01"]
[EventType "tourn"]
[EventRounds "11"]
[EventCountry "HUN"]
[EventCategory "1"]
[SourceTitle "CBM 092 Extra"]
[Source "ChessBase"]
[SourceDate "2003.03.07"]
[SourceVersion "1"]
[SourceVersionDate "2003.03.07"]
[SourceQuality "1"]

1. d4 f5 2. g4 fxg4 3. e4 d5 4. e5 Bf5 5. Bd3 Qd7 6. Ne2 Nc6 7. c3 g6 8. Bxf5 Qxf5 9. Ng3 Qe6 10. f4 gxf3 11. Qxf3 Bh6 12. Nd2 0-0-0 13. 0-0 Qh3 14. b4 e6 15. b5 Nce7 16. Nb3 b6 17. Ba3 Nf5 18. Nxf5 Qxf5 19. Qg3 Qg5 20. Bb4 Qxg3+ 21. hxg3 Bg5 22. a4 Nh6 23. a5 Kd7 24. Kg2 Nf5 25. Kh3 h5 26. axb6 axb6 27. Ra7 Ra8 28. Rfa1 Rxa7 29. Rxa7 Be7 30. Bxe7 Nxe7 31. Nd2 Rf8 32. Kg2 Nf5 33. Nf1 g5 34. Ra1 h4 35. Re1 Ra8 36. gxh4 gxh4 37. Ne3 Rg8+ 38. Kh2 Rg3 39. Nxf5 exf5 40. e6+ Ke7 41. Re5 Rxc3 42. Rxf5 Kxe6 43. Re5+ Kd6 44. Rh5 Rb3 0-1

[Event "Budapest FS02 IM-A"]
[Site "Budapest"]
[Date "2003.02.03"]
[Round "3"]
[White "Caruana, Fabiano"]
[Black "Schneider, Attila"]
[Result "1/2-1/2"]
[WhiteElo "2134"]
[BlackElo "2302"]
[PlyCount "151"]
[EventDate "2003.02.01"]
[EventType "tourn"]
[EventRounds "11"]
[EventCountry "HUN"]
[EventCategory "1"]
[SourceTitle "CBM 092 Extra"]
[Source "ChessBase"]
[SourceDate "2003.03.07"]
[SourceVersion "1"]
[SourceVersionDate "2003.03.07"]
[SourceQuality "1"]

1. e4 c5 2. Nf3 d6 3. d4 cxd4 4. Qxd4 a6 5. c4 Nc6 6. Qd2 g6 7. b3 Nf6 8. Nc3 Bg7 9. Bb2 Qa5 10. Nd5 Qxd2+ 11. Nxd2 0-0 12. Nxf6+ exf6 13. Be2 f5 14. Bxg7 Kxg7 15. 0-0 Re8 16. Bd3 Nb4 17. Bb1 fxe4 18. Bxe4 d5 19. cxd5 Bf5 20. Bxf5 gxf5 21. Nc4 Rad8 22. Rfd1 Nxd5 23. Rd2 Nc3 24. Nd6 Kg6 25. a4 Re6 26. Nc4 Rxd2 27. Nxd2 Re2 28. Nc4 b5 29. axb5 axb5 30. Na5 Rb2 31. Re1 Ne2+ 32. Kf1 Nd4 33. Re3 Ra2 34. Nb7 Ra1+ 35. Re1 Ra3 36. Rb1 Nxb3 37. Ke2 Nd4+ 38. Kd2 f4 39. Nd6 Ra2+ 40. Kd3 Ne6 41. Ne4 f5 42. Nd2 Nc5+ 43. Kc3 Ne4+ 44. Nxe4 fxe4 45. Kd4 Rxf2 46. Kxe4 Rxg2 47. Kxf4 Rg5 48. Rc1 Rh5 49. Rc6+ Kf7 50. Rb6 Rc5 51. Rb7+ Kg6 52. Rb6+ Kh5 53. Rb7 h6 54. Rb6 Rc4+ 55. Kf3 Rb4 56. Ke3 Rb2 57. Kf3 b4 58. Kg3 Rb3+ 59. Kf4 Rb1 60. Kg3 b3 61. Rb5+ Kg6 62. Kh4 Kf6 63. Kh5 Ke6 64. Kxh6 Kd6 65. h4 Kc6 66. Rb8 Kc5 67. h5 Kc4 68. Kh7 Rg1 69. h6 Rg5 70. Kh8 Rb5 71. Rxb5 Kxb5 72. h7 b2 73. Kg8 b1Q 74. h8Q Qg6+ 75. Qg7 Qxg7+ 76. Kxg7 1/2-1/2

[Event "Tapolca Evadnyito op"]
[Site "Budapest"]
[Date "2003.01.10"]
[Round "8"]
[White "Schneider, Attila"]
[Black "Gonda, Laszlo"]
[Result "1/2-1/2"]
[WhiteElo "2302"]
[BlackElo "2317"]
[PlyCount "120"]
[EventDate "2003.01.03"]
[EventType "swiss"]
[EventRounds "9"]
[EventCountry "HUN"]
[SourceTitle "EXT 2004"]
[Source "ChessBase"]
[SourceDate "2003.11.25"]
[SourceVersion "1"]
[SourceVersionDate "2003.11.25"]
[SourceQuality "1"]

1. d4 d5 2. Nf3 Nf6 3. c4 c6 4. Nc3 e6 5. Bg5 Nbd7 6. e3 Qa5 7. Nd2 Bb4 8. Qc2 0-0 9. Be2 e5 10. 0-0 exd4 11. Nb3 Qc7 12. Nxd4 dxc4 13. Bxc4 Bxc3 14. bxc3 Qe5 15. Nf3 Qc5 16. Bd3 Re8 17. c4 h6 18. Bh4 Ng4 19. Nd4 Nge5 20. Be2 Ng6 21. Bg3 Nf6 22. Rfe1 Ne4 23. Bd3 Qe7 24. Bxe4 Qxe4 25. Qxe4 Rxe4 26. Rad1 Re8 27. e4 Nf8 28. Rb1 g6 29. f3 Ne6 30. Nxe6 Bxe6 31. Rxb7 Bxc4 32. a4 Ba6 33. Rc7 Rec8 34. Rc1 Rxc7 35. Bxc7 Bb7 36. h4 Rc8 37. Bf4 h5 38. Kf2 c5 39. Be3 a5 40. Bxc5 f6 41. Ke3 Kf7 42. Rb1 Bc6 43. Bd4 Bxa4 44. Rb7+ Ke6 45. Ra7 Bb5 46. Rxa5 Bf1 47. Ra1 Bxg2 48. Ra6+ Kd7 49. Rxf6 Rc6 50. Rf7+ Ke8 51. Ra7 Bh3 52. Kf4 Rd6 53. Be5 Rd3 54. Ra2 Be6 55. Ra8+ Kf7 56. Ra6 Rd7 57. Rb6 Rd3 58. Bb2 Ke7 59. Ke5 Bf7 60. f4 Rb3 1/2-1/2

[Event "Budapest FS12 IM-B"]
[Site "Budapest"]
[Date "2002.12.13"]
[Round "7"]
[White "Schneider, Attila"]
[Black "Eperjesi, Laszlo"]
[Result "1/2-1/2"]
[WhiteElo "2337"]
[BlackElo "2304"]
[PlyCount "23"]
[EventDate "2002.12.07"]
[EventType "tourn"]
[EventRounds "11"]
[EventCountry "HUN"]
[EventCategory "2"]
[SourceTitle "CBM 091 Extra"]
[Source "ChessBase"]
[SourceDate "2003.01.09"]
[SourceVersion "1"]
[SourceVersionDate "2003.01.09"]
[SourceQuality "1"]

1. e4 e5 2. Nf3 Nc6 3. Bb5 a6 4. Ba4 Nf6 5. 0-0 Be7 6. Re1 b5 7. Bb3 d6 8. c3 0-0 9. h3 Na5 10. Bc2 c5 11. d4 cxd4 12. cxd4 1/2-1/2

[Event "Budapest FS12 IM-B"]
[Site "Budapest"]
[Date "2002.12.08"]
[Round "2"]
[White "Berczes, David"]
[Black "Schneider, Attila"]
[Result "1/2-1/2"]
[WhiteElo "2232"]
[BlackElo "2337"]
[PlyCount "149"]
[EventDate "2002.12.07"]
[EventType "tourn"]
[EventRounds "11"]
[EventCountry "HUN"]
[EventCategory "2"]
[SourceTitle "CBM 091 Extra"]
[Source "ChessBase"]
[SourceDate "2003.01.09"]
[SourceVersion "1"]
[SourceVersionDate "2003.01.09"]
[SourceQuality "1"]

1. d4 d6 2. c4 e5 3. dxe5 dxe5 4. Qxd8+ Kxd8 5. Nc3 c6 6. e4 Be6 7. f4 Bd6 8. fxe5 Bxe5 9. Nf3 Nd7 10. Be3 Ngf6 11. Nxe5 Nxe5 12. 0-0-0+ Nfd7 13. b3 Kc7 14. Ne2 Bg4 15. Rd2 Bxe2 16. Bxe2 b6 17. Rhd1 Rhd8 18. Bf4 f6 19. b4 Nf8 20. Bxe5+ fxe5 21. Rf1 Rxd2 22. Kxd2 Rd8+ 23. Ke3 Ng6 24. g3 Rf8 25. Rf5 c5 26. b5 Kd6 27. h4 Rf6 28. Rg5 h6 29. Rg4 Ke6 30. h5 Ne7 31. Rxg7 Rf7 32. Rg4 Kf6 33. Rh4 Rg7 34. Kf2 Nc8 35. Rh1 Nd6 36. Kf3 a6 37. Rd1 Ke6 38. bxa6 Ra7 39. a4 Rxa6 40. Ra1 Nb7 41. Ke3 Na5 42. Rd1 Ke7 43. Rd5 Nc6 44. Bd1 Ra8 45. g4 Rd8 46. a5 Nxa5 47. Rxe5+ Kf6 48. Rf5+ Ke6 49. Be2 Rd4 50. g5 hxg5 51. Rxg5 Nxc4+ 52. Bxc4+ Rxc4 53. Kf4 Kf7 54. Rg6 b5 55. Rb6 b4 56. Kf5 Rc3 57. Rb7+ Kg8 58. e5 b3 59. e6 c4 60. Ke4 Rc2 61. Ke3 b2 62. Rb8+ Kg7 63. e7 Rc3+ 64. Kd4 Rd3+ 65. Ke4 Rb3 66. Rxb3 cxb3 67. e8Q b1Q+ 68. Kf4 Qc1+ 69. Kg4 Qc4+ 70. Kg3 Qg8 71. Qe5+ Kh6+ 72. Kh4 Qd8+ 73. Kh3 Qb6 74. Qh8+ Kg5 75. Qe5+ 1/2-1/2

[Event "Budapest FS11 IM"]
[Site "Budapest"]
[Date "2002.11.09"]
[Round "8"]
[White "Schneider, Attila"]
[Black "Papp, Gellert"]
[Result "0-1"]
[WhiteElo "2337"]
[BlackElo "2275"]
[PlyCount "56"]
[EventDate "2002.11.02"]
[EventType "tourn"]
[EventRounds "13"]
[EventCountry "HUN"]
[EventCategory "1"]
[SourceTitle "EXT 2003"]
[Source "ChessBase"]
[SourceDate "2002.11.25"]
[SourceVersion "1"]
[SourceVersionDate "2002.11.25"]
[SourceQuality "1"]

1. d4 d5 2. Nf3 Nf6 3. c4 c6 4. Nc3 a6 5. e3 b5 6. b3 Bg4 7. Bb2 e6 8. Bd3 Nbd7 9. Qc2 Rc8 10. c5 Bxf3 11. gxf3 e5 12. Bf5 exd4 13. exd4 g6 14. 0-0-0 Bh6+ 15. Kb1 gxf5 16. Rde1+ Kf8 17. Qxf5 Rg8 18. Rhg1 Rg6 19. Qh3 Kg7 20. Ne2 Qc7 21. Ng3 Kh8 22. Nf5 Bf8 23. Rg3 Re8 24. Reg1 Qa5 25. Qf1 Rxg3 26. Nxg3 Qd2 27. Bc1 Qc3 28. Bb2 Qxf3 0-1

[Event "Budapest FS11 IM"]
[Site "Budapest"]
[Date "2002.11.08"]
[Round "7"]
[White "Fucak, Emilijo"]
[Black "Schneider, Attila"]
[Result "1-0"]
[WhiteElo "2322"]
[BlackElo "2337"]
[PlyCount "45"]
[EventDate "2002.11.02"]
[EventType "tourn"]
[EventRounds "13"]
[EventCountry "HUN"]
[EventCategory "1"]
[SourceTitle "EXT 2003"]
[Source "ChessBase"]
[SourceDate "2002.11.25"]
[SourceVersion "1"]
[SourceVersionDate "2002.11.25"]
[SourceQuality "1"]

1. c4 Nf6 2. Nf3 c5 3. g3 b6 4. Bg2 Bb7 5. 0-0 e6 6. b3 Be7 7. Bb2 d6 8. Nc3 0-0 9. d4 cxd4 10. Qxd4 a6 11. Rfd1 Nbd7 12. Rac1 Qb8 13. Bh3 Rd8 14. Qe3 Re8 15. g4 h6 16. g5 hxg5 17. Nxg5 Bf8 18. Rd4 d5 19. Rh4 Bc5 20. Qd2 dxc4 21. Nce4 Nxe4 22. Nxe4 Be7 23. Rh8+ 1-0

[Event "Budapest FS11 IM"]
[Site "Budapest"]
[Date "2002.11.06"]
[Round "5"]
[White "Zufic, Miroslav"]
[Black "Schneider, Attila"]
[Result "1-0"]
[WhiteElo "2321"]
[BlackElo "2337"]
[PlyCount "85"]
[EventDate "2002.11.02"]
[EventType "tourn"]
[EventRounds "13"]
[EventCountry "HUN"]
[EventCategory "1"]
[SourceTitle "EXT 2003"]
[Source "ChessBase"]
[SourceDate "2002.11.25"]
[SourceVersion "1"]
[SourceVersionDate "2002.11.25"]
[SourceQuality "1"]

1. e4 c5 2. Nf3 d6 3. d4 cxd4 4. Nxd4 Nf6 5. Nc3 g6 6. Be3 Bg7 7. f3 0-0 8. Qd2 Nc6 9. 0-0-0 Nxd4 10. Bxd4 Be6 11. Kb1 Qc7 12. g4 Rfc8 13. h4 Qa5 14. a3 Rab8 15. h5 b5 16. h6 b4 17. Nb5 Qa4 18. Rh2 bxa3 19. b3 Bxb3 20. cxb3 Qxb3+ 21. Ka1 Bh8 22. g5 Nd7 23. Bxh8 Kxh8 24. Qd4+ f6 25. gxf6 Nxf6 26. Nxd6 e5 27. Qd3 Rc3 28. Qb1 Qxb1+ 29. Rxb1 Rxb1+ 30. Kxb1 Rxf3 31. Bc4 Ng4 32. Rh4 a2+ 33. Kxa2 Rf2+ 34. Kb3 Ne3 35. Nf7+ Kg8 36. Nxe5+ Nxc4 37. Kxc4 a5 38. Rh3 a4 39. Ra3 Rh2 40. Rxa4 Rxh6 41. Ra8+ Kg7 42. Ra7+ Kg8 43. Ng4 1-0

[Event "Budapest FS10 IM-B"]
[Site "Budapest"]
[Date "2002.10.13"]
[Round "9"]
[White "Alfred, Nathan"]
[Black "Schneider, Attila"]
[Result "0-1"]
[WhiteElo "2251"]
[BlackElo "2337"]
[PlyCount "66"]
[EventDate "2002.10.05"]
[EventType "tourn"]
[EventRounds "11"]
[EventCountry "HUN"]
[EventCategory "1"]
[SourceTitle "CBM 090 Extra"]
[Source "ChessBase"]
[SourceDate "2002.11.07"]
[SourceVersion "1"]
[SourceVersionDate "2002.11.07"]
[SourceQuality "1"]

1. d4 Nf6 2. c4 g6 3. Nc3 d5 4. Bg5 Ne4 5. Bf4 Nxc3 6. bxc3 c5 7. e3 Nc6 8. Nf3 Bg7 9. cxd5 Qxd5 10. Be2 cxd4 11. cxd4 0-0 12. 0-0 b6 13. Rc1 Bb7 14. Bc4 Qh5 15. Qe2 Qf5 16. Bg3 Rfc8 17. e4 Qd7 18. d5 Na5 19. Bb5 Qd8 20. Bf4 Rxc1 21. Rxc1 Rc8 22. Rd1 Rc3 23. d6 exd6 24. Bxd6 Qc8 25. Ne5 Rc1 26. Qd2 Rxd1+ 27. Qxd1 Bxe4 28. Bd7 Qc3 29. f4 Nc4 30. Nxc4 Qxc4 31. Bh3 Qxa2 32. Be5 Bxe5 33. fxe5 Qd5 0-1

[Event "HUN-chT 0203"]
[Site "Hungary"]
[Date "2002.10.13"]
[Round "2.10"]
[White "Schneider, Attila"]
[Black "Pataki, Gyozo"]
[Result "1/2-1/2"]
[WhiteElo "2337"]
[BlackElo "2319"]
[PlyCount "58"]
[EventDate "2002.09.22"]
[EventType "team"]
[EventRounds "11"]
[EventCountry "HUN"]
[SourceTitle "EXT 2004"]
[Source "ChessBase"]
[SourceDate "2003.11.25"]
[SourceVersion "1"]
[SourceVersionDate "2003.11.25"]
[SourceQuality "1"]
[WhiteTeam "Statisztika"]
[BlackTeam "Paks ASE"]
[WhiteTeamCountry "HUN"]
[BlackTeamCountry "HUN"]

1. d4 d5 2. c4 c6 3. Nf3 Nf6 4. Qc2 dxc4 5. Qxc4 Bf5 6. Nc3 e6 7. a3 Be7 8. g3 Nbd7 9. Bg2 0-0 10. 0-0 Ne4 11. Rd1 Nb6 12. Qb3 Nxc3 13. Qxc3 Be4 14. Bf4 Nd5 15. Qd2 Nxf4 16. Qxf4 Qd5 17. h4 Rad8 18. Rac1 Bd6 19. Qe3 Rfe8 20. Qc3 Bc7 21. Rd2 f5 22. Qe3 h6 23. Rc5 Qd6 24. Ne5 Bxg2 25. Kxg2 b6 26. Nc4 Qd7 27. Ne5 Qd6 28. Nc4 Qd7 29. Ne5 Qd6 1/2-1/2

[Event "Budapest FS10 IM-B"]
[Site "Budapest"]
[Date "2002.10.11"]
[Round "7"]
[White "Banusz, Tamas"]
[Black "Schneider, Attila"]
[Result "1/2-1/2"]
[WhiteElo "2274"]
[BlackElo "2337"]
[PlyCount "120"]
[EventDate "2002.10.05"]
[EventType "tourn"]
[EventRounds "11"]
[EventCountry "HUN"]
[EventCategory "1"]
[SourceTitle "CBM 090 Extra"]
[Source "ChessBase"]
[SourceDate "2002.11.07"]
[SourceVersion "1"]
[SourceVersionDate "2002.11.07"]
[SourceQuality "1"]

1. d4 Nf6 2. c4 c5 3. d5 e6 4. Nc3 exd5 5. cxd5 d6 6. Nf3 g6 7. Nd2 Nbd7 8. e4 Bg7 9. Be2 0-0 10. 0-0 Re8 11. Qc2 Ne5 12. a4 g5 13. Ra3 g4 14. Re1 Nh5 15. Bb5 Rf8 16. Nf1 f5 17. Ng3 Nxg3 18. hxg3 Ng6 19. exf5 Bxf5 20. Bd3 Bxd3 21. Qxd3 Ne5 22. Qe2 Qd7 23. Be3 Rae8 24. Raa1 Qf5 25. Nb5 Qd7 26. Nc3 a6 27. a5 Qf5 28. Ra4 c4 29. Rd1 Bh6 30. Bxh6 Nf3+ 31. gxf3 Rxe2 32. Nxe2 Rf6 33. Rxc4 Rxh6 34. Rf4 Qe5 35. Rxg4+ Rg6 36. Rxg6+ hxg6 37. Nc3 Qf5 38. Rd4 Qxf3 39. Rf4 Qd3 40. Rb4 Kf7 41. Rxb7+ Kf6 42. Rd7 Ke5 43. Re7+ Kf5 44. Re6 Qc2 45. Rxd6 Qxb2 46. Rc6 Qa1+ 47. Kh2 Qxa5 48. Nd1 Kg5 49. Ne3 Qd2 50. Kg2 a5 51. d6 Kh6 52. Rc5 Qd3 53. Ng4+ Kg7 54. Rc7+ Kf8 55. Rf7+ Kg8 56. Nh6+ Kh8 57. Re7 Qd5+ 58. Kg1 Qd1+ 59. Kh2 Qh5+ 60. Kg2 Qd5+ 1/2-1/2

[Event "Budapest FS10 IM-B"]
[Site "Budapest"]
[Date "2002.10.07"]
[Round "3"]
[White "Galyas, Miklos"]
[Black "Schneider, Attila"]
[Result "1-0"]
[WhiteElo "2406"]
[BlackElo "2337"]
[PlyCount "77"]
[EventDate "2002.10.05"]
[EventType "tourn"]
[EventRounds "11"]
[EventCountry "HUN"]
[EventCategory "1"]
[SourceTitle "CBM 090 Extra"]
[Source "ChessBase"]
[SourceDate "2002.11.07"]
[SourceVersion "1"]
[SourceVersionDate "2002.11.07"]
[SourceQuality "1"]

1. d4 Nf6 2. c4 g6 3. Nc3 Bg7 4. e4 d6 5. Nf3 0-0 6. Be2 e5 7. 0-0 Nc6 8. d5 Ne7 9. Bg5 h6 10. Bxf6 Bxf6 11. b4 Kg7 12. c5 Ng8 13. a4 Be7 14. c6 bxc6 15. dxc6 f5 16. Nd2 Nf6 17. Qb3 Nxe4 18. Ndxe4 fxe4 19. Nxe4 Rf4 20. f3 d5 21. Rad1 Be6 22. Bc4 dxc4 23. Rxd8 Rxd8 24. Qe3 Rxe4 25. Qxe4 Bf6 26. b5 Rd4 27. Qe1 c3 28. Qxc3 Rxa4 29. Rd1 e4 30. Qe3 Bg5 31. Qc3+ Bf6 32. Qe3 Bg5 33. Qc5 e3 34. Qe5+ Kf7 35. Qxc7+ Kf6 36. g3 e2 37. Re1 Be3+ 38. Kg2 Bb6 39. Qd6 1-0

[Event "Budapest FS10 IM-B"]
[Site "Budapest"]
[Date "2002.10.06"]
[Round "2"]
[White "Schneider, Attila"]
[Black "Berczes, David"]
[Result "1-0"]
[WhiteElo "2337"]
[BlackElo "2232"]
[PlyCount "103"]
[EventDate "2002.10.05"]
[EventType "tourn"]
[EventRounds "11"]
[EventCountry "HUN"]
[EventCategory "1"]
[SourceTitle "CBM 090 Extra"]
[Source "ChessBase"]
[SourceDate "2002.11.07"]
[SourceVersion "1"]
[SourceVersionDate "2002.11.07"]
[SourceQuality "1"]

1. d4 Nf6 2. c4 e6 3. Nc3 Bb4 4. e3 c5 5. Bd3 Nc6 6. Nf3 Bxc3+ 7. bxc3 d6 8. 0-0 e5 9. d5 Ne7 10. e4 Ng6 11. g3 Bg4 12. Qa4+ Qd7 13. Qxd7+ Nxd7 14. Ne1 Ne7 15. f3 Bh3 16. Rf2 h5 17. a4 Kd8 18. Nc2 g6 19. a5 a6 20. Ne3 Rf8 21. Rb2 Kc7 22. Rab1 Rab8 23. Nd1 Nf6 24. Bh6 Rfd8 25. Nf2 Bd7 26. Rb6 Nfg8 27. Be3 Nc8 28. R6b2 f6 29. f4 Nge7 30. fxe5 fxe5 31. Be2 Ng8 32. Bg5 Rf8 33. g4 hxg4 34. Nxg4 Bxg4 35. Bxg4 Nce7 36. Rb6 Nf6 37. Be6 Neg8 38. Rxd6 Kxd6 39. Rb6+ Kc7 40. d6+ Kd8 41. Bxg8 Kd7 42. Bd5 Nxd5 43. cxd5 Rf3 44. Rb2 Rxc3 45. Rf2 Kxd6 46. Rf6+ Kd7 47. Rf7+ Ke8 48. Rh7 Rc8 49. d6 Rd3 50. d7+ Rxd7 51. Rh8+ Kf7 52. Rxc8 1-0

[Event "Budapest FS10 IM-B"]
[Site "Budapest"]
[Date "2002.10.05"]
[Round "1"]
[White "Schneider, Attila"]
[Black "Cooke, Eric"]
[Result "0-1"]
[WhiteElo "2337"]
[BlackElo "2185"]
[PlyCount "100"]
[EventDate "2002.10.05"]
[EventType "tourn"]
[EventRounds "11"]
[EventCountry "HUN"]
[EventCategory "1"]
[SourceTitle "CBM 090 Extra"]
[Source "ChessBase"]
[SourceDate "2002.11.07"]
[SourceVersion "1"]
[SourceVersionDate "2002.11.07"]
[SourceQuality "1"]

1. Nf3 Nf6 2. c4 g6 3. g3 Bg7 4. Bg2 0-0 5. 0-0 d6 6. d4 c5 7. Nc3 Nc6 8. dxc5 dxc5 9. Bf4 Nd4 10. Na4 Nd7 11. Ne1 Nb6 12. Nxc5 Nxc4 13. Ned3 e5 14. Bc1 Bg4 15. Re1 Rc8 16. f3 Bf5 17. b3 Nd6 18. e3 Bxd3 19. exd4 Bf5 20. Bb2 Nb5 21. g4 Nxd4 22. gxf5 Rxc5 23. fxg6 hxg6 24. Rc1 Qb6 25. Rxc5 Qxc5 26. Kh1 Rc8 27. f4 exf4 28. Bxb7 Rb8 29. Be4 Re8 30. Qc1 Qxc1 31. Bxc1 f3 32. Kg1 Ne2+ 33. Kf2 Nxc1 34. Kxf3 Nxa2 35. Rf1 Nc3 36. Bd3 Bd4 37. Bc4 Kg7 38. Kg2 f5 39. Ra1 Re3 40. Ra6 Bb6 41. Ra1 f4 42. Rf1 g5 43. Rf3 Kf6 44. h4 gxh4 45. Rxf4+ Kg5 46. Rf8 h3+ 47. Kf1 Ne4 48. Rg8+ Kh6 49. Rh8+ Kg7 50. Rh4 Nd2+ 0-1